000 00847cab a2200289 4500
001 WB3145-49
008 090401t1995 xxu||||| |||| 00| 0 eng d
035 _a(Sirsi) u40870
041 _aeng
245 _aHedge row case settled
260 _c1995
350 _a0
490 _aTimes
_v1 December 1995, 6
490 _aDaily Telegraph
_v1 December 1995, 11(2)
520 _aThe case of "Stanton v Jones" about the dispute over the fast growing hedge has been settled in favour of the pruning neighbour, Jones.
650 _aBoundary disputes
_96221
650 _aCUPRESSUS LEYLANDII
650 _aDAMAGES
650 _aDISPUTE
650 _aHEDGES
650 _aLEYLANDII HEDGES
650 _aPARTY HEDGE
650 _aSTANTON V JONES
690 _aHIGHWAYS RIGHTS OF WAY AND EASEMENTS
942 _n0
948 _c04/03/1997
999 _c26199
_d26199